00539nam a2200181Ia 4500003000400000005001700004008004100021020001500062040001700077082002200094100003000116245011600146260002500262300000900287650001700296700002700313700001700340IIN20240125155856.0231217s9999 xx 000 0 und d cFree aNIL aIINbEnglish a615.1 bPAT1 aJPathania, Joginder Singh1 aPharmacology Revision Booklet:b for B.Sc NursingcJoginder Singh Pathania , Rupendra Kumar Bharti & Vikas Sood bCBSaNew Delhic2017 a54p.1 aPharmacology1 aBharti, Rupendra Kumar1 aSood, Vikas